Industrial Relation (Record no. 4374)

MARC details
000 -LEADER
fixed length control field 00315nam a22001337a 4500
008 - FIXED-LENGTH DATA ELEMENTS--GENERAL INFORMATION
fixed length control field 250725b |||||||| |||| 00| 0 eng d
020 ## - INTERNATIONAL STANDARD BOOK NUMBER
ISBN 9780230939
100 ## - MAIN ENTRY--AUTHOR
Author OTOBO, Dafe
245 ## - TITLE STATEMENT
Title Industrial Relation
260 ## - PUBLICATION, DISTRIBUTION, ETC. (IMPRINT)
Place of publication Lagos
Name of publisher Malthouse Press Ltd.
Date of publication 2000
300 ## - COLLATION
Pagination 382p.
942 ## - ADDED ENTRY ELEMENTS (KOHA)
Item type Books
050 ## - LIBRARY OF CONGRESS CALL NUMBER
Classification number HD69
Item number .O86
Holdings
Source of classification or shelving scheme Not for loan Permanent location Current location Date acquired Accession No. Full call number Barcode. Koha item type
Library of Congress Classification   Samuel Ogbemudia Main Library, University of Abuja Samuel Ogbemudia Main Library, University of Abuja 07/25/2025 2002-022923 HD69.O86 2025-3149 Books